000 00415nam a2200169Ia 4500
001 10740
003 IN-NITTTR
005 20251114233100.0
008 251113s9999||||xx |||||||||||||| ||eng||
040 _beng
040 _cIN-NITTTR
041 _aeng
082 _a616.8915 L578G
100 _aLevine, Baruch.
245 0 _aGroup psychotheraphy :
_bpractice and development /
_cLevine, Baruch.
942 _2ddc
_cBK
999 _c13376
_d13376